All 5k+ cities in New Mexico on a map - Statistics

General Stats
  • This quiz has been taken 33 times
  • The average score is 18 of 36
Answers on the Map
Answers color-coded by a green-red scale on the quiz's map according to % correct below.
 
Answer Stats
City Population % Correct
Albuquerque 564,559
100%
Santa Fe 87,505
100%
Las Cruces 111,385
95%
Roswell 48,422
95%
Rio Rancho 104,026
91%
Farmington 46,624
86%
Gallup 21,899
77%
Truth or Consequences 6,052
77%
Carlsbad 32,238
73%
Taos 6,474
73%
Alamogordo 30,898
64%
Hobbs 40,508
59%
Los Lunas 17,242
55%
Clovis 38,567
50%
Las Vegas 13,166
50%
Los Alamos 19,419
50%
Bernalillo 8,977
45%
Belen 7,360
41%
Ruidoso 7,679
41%
Socorro 8,707
41%
Deming 14,758
36%
Silver City 9,704
36%
Artesia 12,875
32%
Aztec 6,201
32%
Española 10,526
32%
Portales 12,137
32%
Grants 9,163
27%
Raton 6,041
27%
Sunland Park 16,702
27%
Lovington 11,668
23%
Bloomfield 7,421
18%
Tucumcari 5,278
18%
Anthony 8,693
14%
Corrales 8,493
14%
Edgewood 6,174
9%
Los Ranchos de Albuquerque 5,874
9%
No matching quizzes found
Score Distribution
Percent of People with Each Score
Percentile by Number Answered
Your Score History
You have not taken this quiz